The story of Ruby Bridges / (Record no. 2397)

MARC details
000 -LEADER
fixed length control field 01252pam a2200313 a 4500
005 - DATE AND TIME OF LATEST TRANSACTION
control field 20250812142125.0
020 ## - INTERNATIONAL STANDARD BOOK NUMBER
International Standard Book Number 9780439472265
020 ## - INTERNATIONAL STANDARD BOOK NUMBER
International Standard Book Number 9780590439688
040 ## - CATALOGING SOURCE
Original cataloging agency DLC
Transcribing agency DLC
Modifying agency DLC
Language of cataloging eng
050 00 - LIBRARY OF CONGRESS CALL NUMBER
Classification number F379.N59
082 00 - DEWEY DECIMAL CLASSIFICATION NUMBER
Classification number 370.19342
100 1# - MAIN ENTRY--PERSONAL NAME
Personal name Coles, Robert
245 14 - TITLE STATEMENT
Title The story of Ruby Bridges /
Statement of responsibility, etc. by Robert Coles ; illustrated by George Ford
250 ## - EDITION STATEMENT
Edition statement This edition first printing, September 2010
260 ## - PUBLICATION, DISTRIBUTION, ETC.
Place of publication, distribution, etc. New York :
Name of publisher, distributor, etc. Scholastic,
Date of publication, distribution, etc. 1995
300 ## - PHYSICAL DESCRIPTION
Extent 26 unnumbered pages
Other physical details Color illustrations
Dimensions 26 cm
505 ## - FORMATTED CONTENTS NOTE
Formatted contents note R <br/>
520 ## - SUMMARY, ETC.
Summary, etc. For months six-year-old Ruby Bridges must confront the hostility of white parents when she becomes the first African American girl to integrate Frantz Elementary School in New Orleans in 1960.
521 ## - TARGET AUDIENCE NOTE
Target audience note 730 <br/><br/>
Source Lexile AD <br/><br/>
521 ## - TARGET AUDIENCE NOTE
Target audience note R <br/>
Source Raz-Plus <br/>
650 #0 - SUBJECT ADDED ENTRY--TOPICAL TERM
Topical term or geographic name entry element School integration
Geographic subdivision Louisiana
-- New Orleans
Form subdivision Juvenile literature.
650 #0 - SUBJECT ADDED ENTRY--TOPICAL TERM
Topical term or geographic name entry element African Americans
Geographic subdivision Louisiana
-- New Orleans
Form subdivision Biography
-- Juvenile literature.
650 #1 - SUBJECT ADDED ENTRY--TOPICAL TERM
Topical term or geographic name entry element School integration
Geographic subdivision Louisiana
-- New Orleans.
650 #1 - SUBJECT ADDED ENTRY--TOPICAL TERM
Topical term or geographic name entry element African Americans
Form subdivision Biography.
700 1# - ADDED ENTRY--PERSONAL NAME
Personal name Ford, George
Dates associated with a name 1936-
Relator term illustrator
906 ## - LOCAL DATA ELEMENT F, LDF (RLIN)
a 7
b cbc
c orignew
d 1
e ocip
f 19
g y-gencatlg
942 ## - ADDED ENTRY ELEMENTS (KOHA)
Source of classification or shelving scheme Dewey Decimal Classification
Koha item type Books
Suppress in OPAC No
999 ## -
-- 2397
-- 2397
Holdings
Withdrawn status Lost status Source of classification or shelving scheme Damaged status Not for loan Collection Home library Current library Shelving location Date acquired Total Checkouts Full call number Barcode Date last seen Date last checked out Copy number Price effective from Koha item type
    Dewey Decimal Classification     Non-Fiction Footprints International School Library Network Toul Tom Poung Campus Footprints International School Library Network Toul Tom Poung Campus TTP Primary Orange Bookshelves 11/23/2023 3 COL 370.19342 F379.N59 FIS02997 01/29/2024 01/22/2024 1 11/23/2023 Books
    Dewey Decimal Classification     Non-Fiction Footprints International School Library Network Toul Tom Poung Campus Footprints International School Library Network Toul Tom Poung Campus TTP Primary Orange Bookshelves 11/23/2023   COL 370.19342 F379.N59 FISTK01934 01/03/2024   2 11/23/2023 Books
    Dewey Decimal Classification     Non-Fiction Footprints International School Library Network Toul Tom Poung Campus Footprints International School Library Network Toul Tom Poung Campus TTP Primary Orange Bookshelves 08/12/2025   COL 370.19342 F379.N59 FISBK05476 08/12/2025   3 08/12/2025 Books